000 00327nam a22001457a 4500
008 210528b ||||| |||| 00| 0 eng d
020 _a9780471694663
041 _aeng
080 _27th
_a004
082 _a004
100 _a28
101 _aSHKI
245 _aOperating Systems Concepts
_cSilberschatz,A
942 _2udc
_cBK
999 _c57783
_d57783